[Event "European Rapid 2022"]
[Site "Katowice POL"]
[Date "2022.12.17"]
[Round "3.81"]
[White "Jablonicky, Martin"]
[Black "Kanli, Kaan"]
[Result "1-0"]
[WhiteTitle "FM"]
[WhiteElo "2388"]
[BlackElo "2006"]
[WhiteFideId "14925621"]
[BlackFideId "6309836"]
[EventDate "2022.12.17"]

1. e4 e5 2. Nf3 Nc6 3. Nc3 Nf6 4. Bb5 Nd4 5. O-O Nxb5 6. Nxb5 c6 7. Nc3 d6 8. d4
Qc7 9. Bg5 Be7 10. h3 O-O 11. a4 b6 12. Bxf6 Bxf6 13. d5 c5 14. Qd3 a6 15. Nd2
Bd7 16. Rfb1 Rfc8 17. Nf1 g6 18. Ne3 Bg7 19. b3 Qb7 20. b4 c4 21. Nxc4 Qc7 22.
Nxd6 Qxd6 23. Nd1 b5 24. Ne3 Bh6 25. axb5 axb5 26. Rxa8 Rxa8 27. Ng4 Bg5 28. Qc3
Bxg4 29. hxg4 Be7 30. Qd3 Qd7 31. c4 bxc4 32. Qxc4 Qxg4 33. b5 Rc8 34. Qd3 Bc5
35. b6 Qf4 36. Qc2 Bxf2+ 37. Qxf2 Qxe4 38. Rd1 Qg4 39. Rb1 Qe4 40. Rd1 Qg4 41.
Qd2 Rb8 42. d6 Qd7 43. Qe3 f6 44. Qc5 Kf7 45. Qc7 Rb7 46. Qxd7+ Rxd7 47. b7 Rd8
48. Rc1 Rb8 49. d7 Ke7 50. Rc8 1-0

[Event "European Rapid 2022"]
[Site "Katowice POL"]
[Date "2022.12.17"]
[Round "3.82"]
[White "Niezhentsev, Kyrylo"]
[Black "Karolczuk, Iwo"]
[Result "1/2-1/2"]
[BlackTitle "FM"]
[WhiteElo "2052"]
[BlackElo "2327"]
[WhiteFideId "34126660"]
[BlackFideId "21816972"]
[EventDate "2022.12.17"]

1. e4 c5 2. Nf3 d6 3. d4 cxd4 4. Nxd4 Nf6 5. f3 e5 6. Nb3 d5 7. Bg5 Be6 8. exd5
Qxd5 9. Nc3 Bb4 10. Bd2 Qd7 11. Bd3 O-O 12. O-O Nc6 13. Ne4 Nxe4 14. Bxe4 Be7
15. Bc3 Qc7 16. Qe2 Nb4 17. Bxe5 Qc8 18. Rfd1 f5 19. Bd3 Nxd3 20. cxd3 Re8 21.
Rac1 Qd8 22. d4 Bd5 23. Qd3 g6 24. Rc2 Bf8 25. Rdc1 Qb6 1/2-1/2

[Event "European Rapid 2022"]
[Site "Katowice POL"]
[Date "2022.12.17"]
[Round "3.83"]
[White "Dziendziel, Mateusz"]
[Black "Peyrer, Konstantin"]
[Result "0-1"]
[BlackTitle "FM"]
[WhiteElo "2042"]
[BlackElo "2380"]
[WhiteFideId "21840946"]
[BlackFideId "1640879"]
[EventDate "2022.12.17"]

1. e4 c6 2. d4 d5 3. e5 c5 4. dxc5 e6 5. a3 Bxc5 6. Qg4 Ne7 7. Bd3 Nbc6 8. Nf3
Ng6 9. b4 Bb6 10. Bb2 Bc7 11. O-O O-O 12. Re1 Qe8 13. Qh5 h6 14. Qg4 a5 15. b5
Nce7 16. h4 f5 17. Qg3 Bd7 18. a4 Nh8 19. Ba3 Qf7 20. Nbd2 Bb6 21. Nb3 Rfc8 22.
Nfd4 Rc4 23. Bb2 Rc7 24. f4 Rac8 25. Kh2 Qh5 26. Be2 Qg6 27. Qd3 Qh7 28. g3 g5
29. Kg2 gxf4 30. gxf4 Nhg6 31. Qg3 Kh8 32. Kh3 Rg8 33. Qf3 Nxh4 34. Kxh4 Rg4+
35. Kh3 Qg6 36. Qxg4 fxg4+ 37. Bxg4 Rxc2 38. Nxc2 Qxc2 39. Bd4 Bxd4 40. Nxd4 Qf2
41. Ne2 Ng6 42. Ng3 Nxf4+ 43. Kh4 Qh2+ 0-1

[Event "European Rapid 2022"]
[Site "Katowice POL"]
[Date "2022.12.17"]
[Round "3.84"]
[White "Plaskan, Jure"]
[Black "Czarnecka, Lidia"]
[Result "0-1"]
[BlackTitle "WCM"]
[WhiteElo "2241"]
[BlackElo "2018"]
[WhiteFideId "14605252"]
[BlackFideId "21807531"]
[EventDate "2022.12.17"]

1. e4 c5 2. Nf3 e6 3. d4 cxd4 4. Nxd4 a6 5. c4 Nf6 6. Nc3 Bb4 7. Qd3 Nc6 8. Nxc6
dxc6 9. Qxd8+ Kxd8 10. e5 Nd7 11. Bf4 Bc5 12. O-O-O Ke7 13. Ne4 Bb6 14. Bg3 f6
15. exf6+ gxf6 16. c5 Ba7 17. Bc4 Bb8 18. Bd6+ Bxd6 19. cxd6+ Kf7 20. Rhe1 b5
21. Be2 h5 22. h4 Bb7 23. Ng3 f5 24. Bxh5+ Kf6 25. Bf3 Rxh4 26. Nh5+ Kf7 27. g3
Rc4+ 28. Kb1 Rh8 29. Nf4 e5 30. Ng2 e4 31. Be2 Rc5 32. Nf4 Re5 33. Rh1 Rxh1 34.
Rxh1 Kg7 35. Rh5 Nf6 36. Rg5+ Kf7 37. g4 Bc8 38. Ng6 Rd5 39. Ne7 Rd2 40. Nxc8
Rxe2 41. Rxf5 Ke6 42. Rf4 Nd5 43. Rf8 Nb4 44. Kc1 Nd3+ 45. Kd1 Rxf2 46. Rf5
Nxb2+ 47. Ke1 Nd3+ 48. Kd1 Kd7 49. Ne7 Kxd6 50. Ng6 e3 51. Rxf2 Nxf2+ 52. Ke2
Nxg4 53. Nf4 Nf6 54. Nd3 Nd5 55. Kf3 c5 56. Nc1 c4 57. Ke4 Kc5 58. a3 a5 59. Ne2
b4 60. axb4+ axb4 61. Nf4 Nxf4 0-1

[Event "European Rapid 2022"]
[Site "Katowice POL"]
[Date "2022.12.17"]
[Round "3.85"]
[White "Zabawski, Grzegorz"]
[Black "Berend, Elvira"]
[Result "0-1"]
[BlackTitle "WGM"]
[WhiteElo "1974"]
[BlackElo "2318"]
[WhiteFideId "1145975"]
[BlackFideId "4000510"]
[EventDate "2022.12.17"]

1. e4 c5 2. c3 d6 3. d4 Nf6 4. Bd3 g6 5. Ne2 Bg7 6. O-O O-O 7. Be3 Ng4 8. Bg5
cxd4 9. Nxd4 Nc6 10. Be2 Nf6 11. Nxc6 bxc6 12. Qc2 Qa5 13. Be3 Ng4 14. Bxg4 Bxg4
15. f3 Be6 16. Nd2 Qa6 17. Bd4 f6 18. f4 c5 19. Be3 f5 20. e5 dxe5 21. Bxc5 e4
22. Bxe7 Qb6+ 23. Kh1 Rfe8 24. Bh4 Rab8 25. b3 Rbc8 26. c4 Bxa1 27. Rxa1 Qe3 28.
Bf6 Rcd8 29. Nf1 Qd3 30. Qf2 Rd7 31. Re1 h6 32. Qh4 Rf7 33. Ba1 Kh7 34. Qf2 Rd8
35. h4 Bc8 36. h5 Rg8 37. Qc5 Qd8 38. Qe5 Qh4+ 39. Kg1 Qxe1 40. Bd4 Qh4 41.
hxg6+ Kxg6 42. Ne3 Qe7 43. Qa5 Kh7 44. Bb2 Be6 45. g4 Qh4 46. Nxf5 0-1

[Event "European Rapid 2022"]
[Site "Katowice POL"]
[Date "2022.12.17"]
[Round "3.86"]
[White "Spalir, Jernej"]
[Black "Grineva, Marianna"]
[Result "1-0"]
[WhiteTitle "IM"]
[BlackTitle "WFM"]
[WhiteElo "2377"]
[BlackElo "2020"]
[WhiteFideId "14606518"]
[BlackFideId "14102013"]
[EventDate "2022.12.17"]

1. d4 g6 2. Nf3 Bg7 3. c4 f5 4. g3 d6 5. Bg2 Nf6 6. O-O O-O 7. Nc3 c6 8. b3 Qe8
9. Ba3 Na6 10. Rc1 Nc7 11. Re1 h6 12. b4 Qf7 13. Qd3 g5 14. b5 Be6 15. Nd2 d5
16. cxd5 cxd5 17. Na4 Rac8 18. Nc5 b6 19. Nxe6 Qxe6 20. Rc6 Qd7 21. Rec1 Ne4 22.
Nxe4 fxe4 23. Qc2 Nxb5 24. Rxc8 Nxa3 25. Rxf8+ Bxf8 26. Qc8 Qxc8 27. Rxc8 Kf7
28. e3 Nb5 29. Bf1 Nd6 30. Ra8 a5 31. Rb8 e6 32. Rxb6 Nf5 33. Bh3 Ng7 34. Kf1
Bb4 35. Ke2 h5 36. a4 g4 37. Bf1 Ne8 38. Kd1 Kf6 39. Bb5 Nd6 40. Rb8 Nf5 41. Rh8
Ng7 42. Be8 Kg5 43. Bf7 Bd6 44. Rh7 Bf8 45. Ke2 Kf6 46. Bxh5 Kg5 47. Rh8 Bb4 48.
Bxg4 Kxg4 49. Rg8 Kh3 50. Rxg7 Kxh2 51. Rg6 Kh3 52. Rxe6 1-0

[Event "European Rapid 2022"]
[Site "Katowice POL"]
[Date "2022.12.17"]
[Round "3.87"]
[White "Wnek, Filip"]
[Black "Mis, Mieszko"]
[Result "0-1"]
[BlackTitle "FM"]
[WhiteElo "1966"]
[BlackElo "2389"]
[WhiteFideId "21833281"]
[BlackFideId "1196448"]
[EventDate "2022.12.17"]

1. e4 d5 2. exd5 Qxd5 3. Nc3 Qa5 4. d4 Nf6 5. Nf3 Bf5 6. Be3 e6 7. a3 c6 8. Bd3
Bxd3 9. Qxd3 Bb4 10. Bd2 Bxc3 11. Bxc3 Qb5 12. Rd1 O-O 13. Bb4 Qxd3 14. Rxd3 Re8
15. c4 Nbd7 16. O-O a5 17. Bd6 a4 18. Rb1 Nb6 19. Nd2 Nc8 20. Bc7 b5 21. b3 axb3
22. Rdxb3 bxc4 23. Nxc4 Nd5 24. Bg3 Nce7 25. Nd6 Red8 26. Nb7 Re8 27. Nd6 Rf8
28. Rc1 h5 29. h3 Ra6 30. Rc5 Rfa8 31. Nc4 Nf5 32. Rd3 h4 33. Be5 f6 34. Bh2
R8a7 35. g4 hxg3 36. fxg3 Rb7 37. g4 Rb1+ 38. Kf2 Nfe7 39. Ra5 Rxa5 40. Nxa5
Rb2+ 41. Kg1 Rc2 42. Bd6 Ng6 43. Nb3 Ngf4 44. Bxf4 Nxf4 45. Rf3 g5 46. a4 Kf7
47. a5 Ra2 48. Kf1 Ra3 49. Kf2 Kg6 50. h4 gxh4 51. Nc5 Ra2+ 52. Kf1 h3 53. Ne4
h2 54. Ng3 Rg2 55. Rxf4 Rxg3 0-1

[Event "European Rapid 2022"]
[Site "Katowice POL"]
[Date "2022.12.17"]
[Round "3.88"]
[White "Yao, Lan"]
[Black "Meszarosova, Eva"]
[Result "1-0"]
[WhiteTitle "WIM"]
[WhiteElo "2271"]
[BlackElo "1981"]
[WhiteFideId "8610835"]
[BlackFideId "14932598"]
[EventDate "2022.12.17"]

1. e4 c5 2. Nf3 d6 3. d4 cxd4 4. Nxd4 Nf6 5. Nc3 a6 6. Bg5 e6 7. f4 Be7 8. Qf3
Qc7 9. O-O-O Nbd7 10. Qg3 b5 11. Bd3 b4 12. Nd5 Nxd5 13. exd5 Nf6 14. dxe6 Bxe6
15. Nxe6 fxe6 16. Rhe1 Kf7 17. Qe3 Qc8 18. Bf5 exf5 19. Qxe7+ Kg6 20. Bxf6 gxf6
21. Re3 Qf8 22. Rg3+ Kh6 23. Qd7 Rd8 24. Qxf5 Qf7 25. Rd5 1-0

[Event "European Rapid 2022"]
[Site "Katowice POL"]
[Date "2022.12.17"]
[Round "3.89"]
[White "Milanowski, Jan"]
[Black "Maly, Alexey"]
[Result "0-1"]
[BlackTitle "IM"]
[WhiteElo "1788"]
[BlackElo "2370"]
[WhiteFideId "1109758"]
[BlackFideId "14103184"]
[EventDate "2022.12.17"]

1. d4 d5 2. Bf4 Nf6 3. e3 e6 4. Nf3 c5 5. c3 Bd6 6. Bg3 Qc7 7. Nbd2 Nbd7 8. Bd3
O-O 9. O-O e5 10. dxe5 Nxe5 11. Nxe5 Bxe5 12. Bxe5 Qxe5 13. h3 b6 14. a4 a5 15.
Nf3 Qe7 16. Re1 Bb7 17. Qc2 Rad8 18. Rad1 Rd6 19. Ng5 g6 20. Nf3 Rfd8 21. Bf1
Kg7 22. Nh2 Ne4 23. Be2 f5 24. Nf3 g5 25. Nd2 h6 26. Nf1 Qe5 27. Qb3 Kg6 28. Bf3
h5 29. Bxe4 fxe4 30. Ng3 Rf8 31. Rd2 Ba6 32. Red1 Bd3 33. Ne2 Rdf6 34. Nc1 c4
35. Qb5 g4 36. hxg4 hxg4 37. Qd7 Qh5 38. Ne2 Rh8 39. Ng3 0-1

[Event "European Rapid 2022"]
[Site "Katowice POL"]
[Date "2022.12.17"]
[Round "3.90"]
[White "Madan, Augustin"]
[Black "Peglau, Charis"]
[Result "1/2-1/2"]
[WhiteTitle "IM"]
[WhiteElo "2292"]
[BlackElo "2008"]
[WhiteFideId "1210327"]
[BlackFideId "16219996"]
[EventDate "2022.12.17"]

1. b3 b6 2. Bb2 Bb7 3. Nf3 Nf6 4. g3 c5 5. Bg2 g6 6. O-O Bg7 7. d3 O-O 8. Nbd2
Nc6 9. e4 d5 10. e5 Ng4 11. Qe2 Qc7 12. Rfe1 h5 13. h3 Nh6 14. c4 dxc4 15. dxc4
Rad8 16. Nf1 e6 17. Rad1 Nf5 18. g4 hxg4 19. hxg4 Nfd4 20. Nxd4 Nxd4 21. Bxd4
Rxd4 22. Rxd4 cxd4 23. f4 Bxg2 24. Kxg2 Rd8 25. Qe4 d3 26. Rd1 Qd7 27. g5 Bf8
28. Ne3 Qd4 29. Qxd4 Rxd4 30. Kf3 Bc5 31. Nf1 Kf8 32. Nd2 Bb4 33. Ke3 Rd8 34.
Ne4 d2 35. Nxd2 Ke7 36. Ke2 Rd4 37. Ke3 Rd8 38. Ke2 Rd4 39. Nf3 Rxf4 40. Rd4
Rxd4 41. Nxd4 Kd7 42. Kd3 Bc5 43. Nf3 Bb4 44. Kd4 Bc5+ 45. Kc3 a5 46. Kd3 Kc6
47. Nd4+ Kd7 48. Ke4 Be7 49. Kf4 Bc5 50. Nc2 Kc6 51. a3 Be7 52. b4 axb4 53. axb4
Bf8 54. Ke4 Be7 55. Kf4 Bf8 56. Nd4+ Kd7 57. b5 Bc5 58. Ne2 Bb4 59. Ke3 Be7 60.
Kf4 Bb4 61. Ng1 Bd2+ 62. Kg4 Bc3 63. Nf3 Bb4 64. Kf4 Bc5 65. Nd2 Ba3 66. Ke4 Bc1
67. Nf3 Ba3 68. Kd3 Bb4 69. Nd2 Ba3 70. Kc3 Bc1 71. Ne4 Be3 72. Kd3 Bg1 73. Nd6
Ke7 74. Ke4 Bf2 75. Kd3 Bg1 76. Ne4 Kd7 77. Nd2 Bc5 78. Nb3 Be7 79. c5 bxc5 80.
Kc4 Bxg5 81. Nxc5+ Kc7 82. Ne4 Bf4 83. Nd6 Bxe5 84. Nxf7 Bf4 85. Kc5 Be3+ 86.
Kc4 g5 87. Kd3 Bf4 88. Ke4 Kb6 89. Nxg5 Bxg5 90. Ke5 1/2-1/2

[Event "European Rapid 2022"]
[Site "Katowice POL"]
[Date "2022.12.17"]
[Round "3.91"]
[White "Czerw, Dawid"]
[Black "Acevedo Mendez, Lisseth"]
[Result "1-0"]
[WhiteTitle "IM"]
[BlackTitle "WIM"]
[WhiteElo "2373"]
[BlackElo "1816"]
[WhiteFideId "1145746"]
[BlackFideId "6502938"]
[EventDate "2022.12.17"]

1. d4 Nf6 2. c4 g6 3. Nc3 Bg7 4. e4 O-O 5. f4 d6 6. Nf3 Nbd7 7. Be2 e6 8. O-O
Qe7 9. e5 Ne8 10. Be3 f6 11. exd6 Nxd6 12. Kh1 a6 13. Qd2 Nb8 14. Rae1 Qf7 15.
Bg1 Nc6 16. b3 Bd7 17. Bd3 Rae8 18. Rf2 Re7 19. Rfe2 Qe8 20. d5 Nb4 21. Bb1 a5
22. dxe6 Bc6 23. Nd4 Qc8 24. a3 Na6 25. Nd5 Bxd5 26. cxd5 f5 27. Qxa5 b6 28. Qd2
Nc5 29. Nc6 Ree8 30. Bxc5 bxc5 31. Ne5 Bxe5 32. fxe5 Nb5 33. Bd3 Nd4 34. Bc4 Kg7
35. Re3 Qd8 36. Rh3 f4 37. b4 Nxe6 38. Rd3 Ng5 39. bxc5 f3 40. e6 f2 41. Rf1 Ne4
42. Qb2+ Qf6 43. Qxf6+ Rxf6 44. d6 Nxc5 45. d7 Nxd7 46. Rxd7+ Kh6 47. Rd2 Rf4
48. Ba2 c5 49. Rdxf2 Re4 50. Rf4 Re2 51. Bc4 Rc2 52. h3 Kh5 53. Re4 Re7 54. Rf7
Re8 55. e7 Rc1+ 56. Kh2 Rb1 57. Rf8 Rbb8 58. Rxe8 Rxe8 59. Bb5 Rb8 60. e8=Q Rxe8
61. Bxe8 h6 62. h4 c4 63. Kh3 c3 64. g4# 1-0

[Event "European Rapid 2022"]
[Site "Katowice POL"]
[Date "2022.12.17"]
[Round "3.92"]
[White "Voege, Tobias"]
[Black "Sutbas, Batuhan"]
[Result "1-0"]
[WhiteTitle "FM"]
[WhiteElo "2300"]
[BlackElo "1705"]
[WhiteFideId "1270513"]
[BlackFideId "6390129"]
[EventDate "2022.12.17"]

1. d4 d5 2. c4 c6 3. cxd5 cxd5 4. Nc3 Nc6 5. e4 dxe4 6. d5 Ne5 7. Qa4+ Bd7 8.
Qxe4 Ng6 9. Bc4 Nf6 10. Qe2 a6 11. Nf3 b5 12. Bb3 Qb8 13. O-O Nf4 14. Bxf4 Qxf4
15. Rad1 g5 16. d6 e6 17. Rd4 Qf5 18. Ne5 g4 19. f3 g3 20. hxg3 Rc8 21. Rf4 Qg5
22. Nxf7 Qc5+ 23. Rf2 Nh5 24. Bxe6 Nxf4 25. gxf4 Bg7 26. Bd5+ 1-0

[Event "European Rapid 2022"]
[Site "Katowice POL"]
[Date "2022.12.17"]
[Round "3.93"]
[White "Prazak, Daniel"]
[Black "Vardanyan, Aras"]
[Result "0-1"]
[BlackTitle "CM"]
[WhiteElo "2007"]
[BlackElo "2271"]
[WhiteFideId "23709456"]
[BlackFideId "12808792"]
[EventDate "2022.12.17"]

1. e4 c6 2. Nf3 d5 3. d3 g6 4. c3 Bg7 5. e5 c5 6. d4 Nc6 7. Bb5 Qb6 8. Qa4 cxd4
9. Bxc6+ bxc6 10. cxd4 Ba6 11. Nc3 e6 12. b3 Bf8 13. Ba3 Bb5 14. Bc5 Bxa4 15.
Bxb6 Bb4 16. Rc1 axb6 17. bxa4 Ne7 18. O-O h6 19. Rfe1 Kd7 20. Re2 Bxc3 21. Rxc3
Rxa4 22. Rb3 b5 23. g4 Rha8 24. Rbb2 Ra3 25. Ne1 R8a4 26. Red2 Kc7 27. f4 h5 28.
gxh5 gxh5 29. Kf2 Ng6 30. Ng2 h4 31. Rdc2 Kb6 32. f5 exf5 33. Ne3 Rxd4 0-1

[Event "European Rapid 2022"]
[Site "Katowice POL"]
[Date "2022.12.17"]
[Round "3.94"]
[White "Cukrowski, Filip"]
[Black "Diachek, Andriy"]
[Result "1-0"]
[WhiteTitle "FM"]
[WhiteElo "2402"]
[BlackElo "1941"]
[WhiteFideId "1171097"]
[BlackFideId "34106499"]
[EventDate "2022.12.17"]

1. d4 Nf6 2. c4 e6 3. Nf3 b6 4. g3 Bb7 5. Bg2 Bb4+ 6. Nbd2 O-O 7. O-O Bxd2 8.
Qxd2 d6 9. Qf4 Nbd7 10. Qh4 Qe7 11. Re1 c5 12. b3 e5 13. dxe5 Nxe5 14. Nxe5 dxe5
15. Bg5 Bxg2 16. Bxf6 Qxf6 17. Qxf6 gxf6 18. Kxg2 Rfd8 19. Red1 f5 20. Kf3 Kg7
21. h3 Kf6 22. g4 Ke6 23. e3 fxg4+ 24. hxg4 f5 25. gxf5+ Kxf5 26. Rh1 Rf8 27.
Rag1 Rf7 28. Rh6 e4+ 29. Ke2 Raf8 30. Rg2 Re8 31. Rgh2 Ree7 32. R2h4 Kg5 33.
R4h5+ Kg4 34. Rd5 Rf5 35. Rd8 Kg5 36. Rh2 h5 37. Rg2+ Kf6 38. Rh8 Rfe5 39. Rh6+
Kf7 40. Rh2 Kg7 41. R6xh5 Rxh5 42. Rxh5 Kg6 43. Rh4 Kg5 44. Rf4 Kg6 45. Kd2 Kg5
46. Kc3 Kg6 47. a3 Kg5 48. b4 Kg6 49. b5 Kg5 50. a4 Kg6 51. a5 bxa5 52. Kb3 Rd7
53. Rxe4 Rd3+ 54. Kc2 Ra3 55. f4 Kf5 56. Re5+ Kf6 57. e4 Rf3 58. Rxc5 Rxf4 59.
Kd3 a4 60. Kd4 a3 61. Rc6+ Kg7 62. Ra6 Rf3 63. c5 Kf7 64. Rxa7+ Ke6 65. b6 Rb3
66. Kc4 Re3 67. Kb5 Rb3+ 68. Kc6 Ke5 69. b7 Kxe4 70. Kc7 Kd5 71. c6 1-0

[Event "European Rapid 2022"]
[Site "Katowice POL"]
[Date "2022.12.17"]
[Round "3.95"]
[White "Grot, Blazej"]
[Black "Karas, Marek"]
[Result "0-1"]
[WhiteTitle "CM"]
[BlackTitle "FM"]
[WhiteElo "1844"]
[BlackElo "2240"]
[WhiteFideId "21835845"]
[BlackFideId "14928558"]
[EventDate "2022.12.17"]

1. e4 g6 2. d4 Bg7 3. Nc3 d6 4. Be3 a6 5. h4 h5 6. Qd2 b5 7. a3 Bb7 8. f3 Nd7 9.
Nh3 c5 10. Ng5 cxd4 11. Bxd4 Ngf6 12. O-O-O Qc7 13. Kb1 Rc8 14. g3 Nb6 15. Qe3
Nc4 16. Bxc4 Qxc4 17. Rhe1 O-O 18. Rd2 e5 19. Bb6 d5 20. exd5 Nxd5 21. Nxd5 Bxd5
22. b3 Qc6 23. Red1 Be6 24. Ne4 Bf5 25. Ba5 Rfe8 26. Rc1 Bf8 27. Bb4 Bxe4 28.
Qxe4 Qxe4 29. fxe4 Bh6 30. Rd6 Bxc1 31. Kxc1 Re6 32. Rxe6 fxe6 33. Kd2 Kf7 34.
c3 g5 35. hxg5 Rg8 36. Ke3 Rxg5 37. Kf3 Ke8 38. Bc5 Kd7 39. b4 Rg7 40. Kf2 Rf7+
41. Ke2 h4 42. gxh4 Rf4 43. h5 Rxe4+ 44. Be3 Rh4 45. h6 Ke8 46. Kd3 Kf7 47. Ke2
Kg6 48. Kd3 Kf5 49. Ke2 0-1

[Event "European Rapid 2022"]
[Site "Katowice POL"]
[Date "2022.12.17"]
[Round "3.96"]
[White "Kosakowski, Jakub"]
[Black "Kondys, Piotr"]
[Result "1-0"]
[WhiteTitle "IM"]
[WhiteElo "2475"]
[BlackElo "1905"]
[WhiteFideId "1185080"]
[BlackFideId "21885575"]
[EventDate "2022.12.17"]

1. e4 e5 2. Nf3 Nc6 3. Bb5 a6 4. Ba4 Nf6 5. O-O Be7 6. Re1 b5 7. Bb3 d6 8. c3
O-O 9. h3 Na5 10. Bc2 c5 11. d4 Qc7 12. Nbd2 Nc6 13. d5 Nd8 14. a4 Rb8 15. b4 c4
16. Nf1 Ne8 17. axb5 axb5 18. Ng3 g6 19. Nh2 Ng7 20. f4 exf4 21. Bxf4 f6 22. Ng4
Bxg4 23. hxg4 Nf7 24. Ne2 Ra8 25. Nd4 Qd7 26. Qd2 Rfe8 27. Rf1 Rf8 28. Be3 Rfb8
29. Nc6 Rf8 30. Bd4 Ne5 31. Rxa8 Rxa8 32. g5 Rf8 33. Bd1 Ne8 34. Bf3 Nxf3+ 35.
Rxf3 fxg5 36. Rxf8+ Kxf8 37. Be3 h6 38. Qf2+ Kg7 39. Nd4 Nc7 40. Qa2 Qg4 41. Qa7
Qxe4 42. Ne6+ Nxe6 43. Qxe7+ Kh8 44. Bd4+ 1-0

[Event "European Rapid 2022"]
[Site "Katowice POL"]
[Date "2022.12.17"]
[Round "3.97"]
[White "Triadu Cassa, Jordi"]
[Black "Oleksiyenko, Mykhaylo"]
[Result "1/2-1/2"]
[WhiteTitle "CM"]
[BlackTitle "GM"]
[WhiteElo "2195"]
[BlackElo "2594"]
[WhiteFideId "2241927"]
[BlackFideId "4152417"]
[EventDate "2022.12.17"]

1. e4 e5 2. Nf3 Nc6 3. Bb5 Nf6 4. O-O Nxe4 5. d4 Nd6 6. dxe5 Nxb5 7. a4 d6 8.
Bg5 Be7 9. Bxe7 Qxe7 10. Re1 Nxe5 11. Nxe5 dxe5 12. axb5 O-O 13. Nc3 Rd8 14. Qe2
f6 15. Qe4 c6 16. bxc6 bxc6 17. Qxc6 Bb7 18. Qc4+ Qf7 19. Qxf7+ Kxf7 20. Red1
Rxd1+ 21. Rxd1 Ke6 22. f3 Rc8 23. Kf2 g5 24. Ra1 a6 25. Ra4 Rc6 26. Rb4 Bc8 27.
Ke3 f5 28. g4 h6 29. Kd3 Rd6+ 30. Ke3 f4+ 31. Ke2 a5 32. Ra4 Ba6+ 33. Ke1 Bb7
34. Ke2 Rb6 35. b3 Rc6 36. Kd2 Rd6+ 37. Ke2 Ba6+ 38. Ke1 Bb7 39. Ke2 Rc6 40. Kd2
Rc5 41. Ne4 Rd5+ 42. Ke2 Bc6 43. c4 Rd8 44. Rxa5 Bxe4 45. fxe4 Rd4 46. Ra6+ Kd7
47. Rxh6 Rxe4+ 48. Kf2 Re3 49. Rg6 Rxb3 50. Rxg5 Ke6 51. h4 e4 52. Rf5 Rb2+ 53.
Ke1 Rb1+ 54. Kd2 Rb2+ 55. Ke1 Rb1+ 56. Kd2 Rb2+ 57. Ke1 1/2-1/2

[Event "European Rapid 2022"]
[Site "Katowice POL"]
[Date "2022.12.17"]
[Round "3.98"]
[White "Herega, Nejc"]
[Black "Mikhalchishin, Adrian"]
[Result "0-1"]
[BlackTitle "GM"]
[WhiteElo "2164"]
[BlackElo "2455"]
[WhiteFideId "14634058"]
[BlackFideId "14602385"]
[EventDate "2022.12.17"]

1. Nf3 Nf6 2. c4 c5 3. Nc3 d5 4. cxd5 Nxd5 5. g3 Nc6 6. Bg2 Nc7 7. O-O e5 8. a3
f6 9. d3 Be7 10. Be3 Be6 11. Rc1 Nd4 12. Bxd4 cxd4 13. Ne4 Bd5 14. Ned2 O-O 15.
Nc4 Ne6 16. b4 Rc8 17. e3 b5 18. Na5 dxe3 19. fxe3 Qd6 20. Qe2 Kh8 21. Rfd1 Rxc1
22. Rxc1 Bd8 23. e4 Bxa5 24. exd5 Bb6+ 25. Kh1 Qxd5 26. Ng5 Qd7 27. Nxe6 Qxe6
28. d4 Bxd4 29. Qxb5 e4 30. Qc4 Qe5 31. Qf7 Bc5 32. Qb7 Be3 33. Rd1 f5 34. a4
Bd4 35. Qd7 e3 36. Bf3 e2 37. Re1 Qe3 38. Qd5 Qf2 0-1

[Event "European Rapid 2022"]
[Site "Katowice POL"]
[Date "2022.12.17"]
[Round "3.100"]
[White "Dzhuguryan, Tygran"]
[Black "Cramling, Pia"]
[Result "0-1"]
[BlackTitle "GM"]
[WhiteElo "2134"]
[BlackElo "2463"]
[WhiteFideId "21872988"]
[BlackFideId "1700030"]
[EventDate "2022.12.17"]

1. d4 Nf6 2. c4 a6 3. Nc3 c5 4. Nf3 cxd4 5. Nxd4 e6 6. e3 d6 7. Be2 Be7 8. O-O
O-O 9. b3 Qc7 10. Bb2 b6 11. Rc1 Bb7 12. Bf3 Nbd7 13. Bxb7 Qxb7 14. Qe2 Rac8 15.
Rfd1 Rfe8 16. Qf3 Qxf3 17. Nxf3 Nc5 18. Kf1 Rb8 19. Nd4 Rec8 20. Ke2 h5 21. h3
Bf8 22. f4 Re8 23. b4 Ncd7 24. Nc6 Rbc8 25. b5 axb5 26. cxb5 d5 27. Kf3 Nc5 28.
g4 Ra8 29. gxh5 Nfe4 30. a4 Nxa4 31. Nxa4 Rxa4 32. Ra1 Rc4 33. Rdc1 Rxc1 34.
Rxc1 Nd2+ 35. Ke2 Nc4 36. Bd4 f6 37. Ra1 e5 38. fxe5 fxe5 39. Bc3 Bc5 40. Bd2
Rf8 41. Bb4 Bxb4 42. Nxb4 Rd8 43. Rd1 d4 44. Nc6 Ra8 45. exd4 e4 46. Nb4 Ra3 47.
Rc1 Nd6 48. Rc6 Nxb5 49. Nc2 Rxh3 50. Rxb6 Nc3+ 51. Kd2 Rd3+ 52. Ke1 0-1

[Event "European Rapid 2022"]
[Site "Katowice POL"]
[Date "2022.12.17"]
[Round "4.1"]
[White "Navara, David"]
[Black "Wieczorek, Oskar"]
[Result "1-0"]
[WhiteTitle "GM"]
[BlackTitle "GM"]
[WhiteElo "2684"]
[BlackElo "2504"]
[WhiteFideId "309095"]
[BlackFideId "1133950"]
[EventDate "2022.12.17"]

1. e4 e5 2. Nf3 Nc6 3. Bb5 a6 4. Ba4 Nf6 5. O-O Be7 6. Re1 b5 7. Bb3 d6 8. c3
O-O 9. h3 a5 10. d4 Bd7 11. Nbd2 a4 12. Bc2 Re8 13. Nf1 h6 14. Ng3 Bf8 15. Be3
Qb8 16. Qd2 Qb7 17. Rad1 Na5 18. b3 axb3 19. axb3 Nc6 20. b4 Ra2 21. Qc1 Rea8
22. Qb1 R2a3 23. Bb3 Re8 24. dxe5 Nxe5 25. Nxe5 dxe5 26. Nh5 Be6 27. Nxf6+ gxf6
28. Bxe6 fxe6 29. Qc1 Ra2 30. Bxh6 Qa7 31. Rd2 Bd6 32. Qd1 Kf7 33. Be3 Qa8 34.
Qh5+ Ke7 35. Qh7+ 1-0